LIBRARY & INFORMATION CENTRE, KCAET, TAVANUR

ONLINE PUBLIC ACCESS CATALOGUE (OPAC)

Kanth sahithya vichar our prabav / (Record no. 3628)

MARC details
000 -LEADER
fixed length control field 00428cam a2200169ua 4500
041 ## - LANGUAGE CODE
Language code of text/sound track or separate title eng
082 ## - DEWEY DECIMAL CLASSIFICATION NUMBER
Classification number 891.43
Item number MAH/KA
100 ## - MAIN ENTRY--AUTHOR NAME
Personal name Mahathma, Gandhi .
245 ## - TITLE STATEMENT
Title Kanth sahithya vichar our prabav /
260 ## - PUBLICATION, DISTRIBUTION, ETC. (IMPRINT)
Place of publication :
Name of publisher Delhi sath ka makaya vikath ,
Year of publication 1966.
300 ## - PHYSICAL DESCRIPTION
Number of Pages 697 ; .
942 ## - ADDED ENTRY ELEMENTS (KOHA)
Koha item type Books
Holdings
Withdrawn status Lost status Damaged status Home library Current library Date acquired Full call number Accession Number Koha item type
Withdrawn     KAUAET Kelappaji 07/04/2012 891.43 MAH/KA 9735 Books
free website counter